| 000 | 02720cam a2200349 4500500 | ||
|---|---|---|---|
| 005 | 20251228062347.0 | ||
| 041 | _afre | ||
| 042 | _adc | ||
| 100 | 1 | 0 |
_aBeudaert, Anthony _eauthor |
| 700 | 1 | 0 |
_aDubost, Nathalie _eauthor |
| 700 | 1 | 0 |
_aNau, Jean-Philippe _eauthor |
| 700 | 1 | 0 |
_aRichard, Sarah _eauthor |
| 245 | 0 | 0 | _aHandicap et management |
| 260 | _c2025. | ||
| 500 | _a30 | ||
| 520 | _aLong considered invisible, disability has been increasingly acknowledged in our societies over the past few decades. This issue raises significant challenges for contemporary organizations and management, which led to the creation of the Ges’Handi collective and the development of this special feature of the Revue française de gestion. After providing a social and historical perspective on disability, this introductory article identifies three prominent research dynamics in management and business sciences within the French-speaking context. The six articles selected for this special feature are then presented. The article concludes with a call to unite researchers from various disciplines within management and business sciences to address, in a transversal manner, the challenges of including people with disabilities. | ||
| 520 | _aLongtemps invisible, le handicap a fait l’objet au cours des dernières décennies d’une meilleure prise en compte dans nos sociétés. La question soulève des enjeux importants pour les organisations contemporaines et le management, ce qui a conduit à la création du collectif Ges’Handi et à la conception de ce dossier de la Revue française de gestion. Après une mise en perspective sociale et historique du handicap, cet article introductif identifie trois dynamiques de recherche en sciences de gestion et du management saillantes dans le contexte francophone. Les six articles retenus dans ce dossier sont ensuite présentés. L’article se conclut par un appel à fédérer les chercheurs des différentes disciplines des sciences de gestion et du management afin de répondre de manière transversale aux défis de l’inclusion des personnes en situation de handicap. | ||
| 690 | _aapproche participative | ||
| 690 | _acocréation | ||
| 690 | _adisability studies | ||
| 690 | _ahandicap | ||
| 690 | _ainclusion | ||
| 690 | _asavoirs expérientiels | ||
| 690 | _aco-creation | ||
| 690 | _adisability | ||
| 690 | _adisability studies | ||
| 690 | _aexperiential knowledge | ||
| 690 | _ainclusion | ||
| 690 | _aparticipatory approach | ||
| 786 | 0 | _nRevue française de gestion | 320 | 1 | 2025-03-06 | p. 73-92 | 0338-4551 | |
| 856 | 4 | 1 | _uhttps://shs.cairn.info/revue-francaise-de-gestion-2025-1-page-73?lang=fr&redirect-ssocas=7080 |
| 999 |
_c1588444 _d1588444 |
||